[Event "JBLN Ost 0001"]
[Site "Germany"]
[Date "2001.05.13"]
[Round "?"]
[White "Langer, Sebastian"]
[Black "Briak, Nicole"]
[Result "1-0"]
[WhiteElo "1429"]
[BlackElo "562"]
[PlyCount "61"]
[EventDate "2000.??.??"]
[EventType "team"]
[EventRounds "9"]
[EventCountry "GER"]
[SourceTitle "EXT 2003"]
[Source "ChessBase"]
[SourceDate "2002.11.25"]
[SourceVersion "1"]
[SourceVersionDate "2002.11.25"]
[SourceQuality "1"]

1. e4 d5 2. exd5 Qxd5 3. Nf3 Bg4 4. Nc3 Qa5 5. d4 c6 6. Be2 Nd7 7. 0-0 0-0-0 8. Ng5 Bxe2 9. Qxe2 Nh6 10. Nce4 e6 11. Rd1 Be7 12. c3 Rdf8 13. Bf4 Nf5 14. a4 h6 15. Nf3 Rhg8 16. b4 Qd8 17. b5 g5 18. Bg3 Qb6 19. bxc6 Qxc6 20. c4 Nxg3 21. hxg3 g4 22. Nh4 f5 23. d5 Qa6 24. dxe6 Nc5 25. Nxc5 Bxc5 26. Qe5 Be7 27. Nxf5 Bf6 28. Qc5+ Kb8 29. Rab1 Be7 30. Qxe7 Rc8 31. Rd7 1-0